| 000 | 01138nam a22003017a 4500 | ||
|---|---|---|---|
| 001 | 5231 | ||
| 003 | FISKH | ||
| 005 | 20241120124333.0 | ||
| 008 | 241120b cb ||||| |||| 00| 0 eng d | ||
| 020 | _a9781407112138 | ||
| 040 |
_aFISKH _beng _cFISKH _dFISKH |
||
| 082 | _a509.2 | ||
| 100 | _aGoldsmith, Mike | ||
| 245 |
_aDarwin and Other Seriously Super Scientists / _cby Dr. Mike Goldsmith |
||
| 260 |
_aNew York : _bScholastic ; _c2003 . |
||
| 300 |
_a191 pages : _billustrations ; _c21 cm . |
||
| 490 | _aHorribly Famous | ||
| 505 | _aV | ||
| 520 | _aNot only did Darwin come up with the theory of evolution, but he also wrote a book about his pet worms! And Isaac Newton wasn't all that keen on science - sometimes it got on his nerves! Find out everything they ever wanted to know, and more, about their favourite seriously super scientists. | ||
| 521 | 8 |
_a850
_bLexile estimate |
|
| 521 | 8 |
_aV
_bRaz-Plus |
|
| 650 |
_abiography _vnon-fiction |
||
| 650 |
_achildhood _vnon-fiction |
||
| 650 |
_aevolution _vnon-fiction |
||
| 700 |
_aGoddard, Clive _eillustrator |
||
| 942 |
_2ddc _cBK _n0 |
||
| 999 |
_c5231 _d5231 |
||